000 00622cam a2200205 4500500
005 20260405003518.0
041 _afre
042 _adc
100 1 0 _aDurand, Jean-Marie
_eauthor
245 0 0 _aMétamorphose de Descartes. Le secret de Sartre
260 _c2022.
500 _a24
690 _aCamille Riquier
690 _aDescartes
690 _aMéditations
690 _aPhénoménologie
690 _aSartre
786 0 _nPhilosophie magazine | 159 | 5 | 2022-05-01 | p. 67-67 | 1951-1787
856 4 1 _uhttps://shs.cairn.info/magazine-philosophie-magazine-2022-5-page-67?lang=fr&redirect-ssocas=7080
999 _c2068239
_d2068239